000 00405nam a2200181Ia 4500
001 3209
005 20250626025212.0
008 211022s9999 xx 000 0 und d
020 _a0195790049
082 _a954.91 KHA
100 _aKhan, Mazhar Ali
245 0 _aPakistan the barren years
260 _aKarachi
260 _bOxford University Press
260 _c1998
300 _a757
942 _cBK
999 _c3697
_d3697